Royal charter and bye-laws 1973 (amended 1975, 1977, 1978, 1980, 1981, 1985, 1986, 1988, 1990, 1993, 1995, 1998, 1999, 2000, 2002, 2003, 2006 and 2007) (Record no. 107339)

MARC details
000 -LEADER
fixed length control field 01499cam a22002295a 4500
001 - CONTROL NUMBER
control field L139757
008 - FIXED-LENGTH DATA ELEMENTS--GENERAL INFORMATION
fixed length control field 070807s2007 xxk f 001 0 eng d
020 ## - INTERNATIONAL STANDARD BOOK NUMBER
International Standard Book Number 9781842192922
035 ## - SYSTEM CONTROL NUMBER
System control number (Sirsi) u139757
041 0# - LANGUAGE CODE
Language code of text/sound track or separate title eng
050 04 - LIBRARY OF CONGRESS CALL NUMBER
Classification number 333.0062 $2 18
110 2# - MAIN ENTRY--CORPORATE NAME
Corporate name or jurisdiction name as entry element Royal Institution of Chartered Surveyors
9 (RLIN) 4900
245 00 - TITLE STATEMENT
Title Royal charter and bye-laws 1973 (amended 1975, 1977, 1978, 1980, 1981, 1985, 1986, 1988, 1990, 1993, 1995, 1998, 1999, 2000, 2002, 2003, 2006 and 2007)
Medium [archived]
260 ## - PUBLICATION, DISTRIBUTION, ETC.
Place of publication, distribution, etc. London
Name of publisher, distributor, etc. RICS
Date of publication, distribution, etc. 2007
300 ## - PHYSICAL DESCRIPTION
Extent 42p.
Dimensions 30cm.
505 2# - FORMATTED CONTENTS NOTE
Formatted contents note Supplemental charter 1973 -- Orders in Council -- Bye-laws: Section I, Definitions -- Section II, Members and attached classes -- Section III, Designations -- Section IV, Contributions to the funds -- Section V, Conduct -- Section VI, The members of Governing Council, officers and staff -- Section VII, Strategy and Resources Board, Audit Committee, junior organisation groups and other subordinate bodies -- Section VIII, Professional sections and associated matters -- Section IX, Constituencies -- Section X, Procedural matters -- Section XI, Accounts and professional auditors -- Section XII, General
520 ## - SUMMARY, ETC.
Summary, etc. Supersedes 2006 edition (ISBN 9781842192922). Incorporates all amendments up to and including those allowed by the Privy Council on 14 December 2006.
590 ## - LOCAL NOTE (RLIN)
Local note KA
651 #4 - SUBJECT ADDED ENTRY--GEOGRAPHIC NAME
Geographic name United Kingdom
690 ## - LOCAL SUBJECT ADDED ENTRY--TOPICAL TERM (OCLC, RLIN)
Topical term or geographic name as entry element ABOUT RICS-RICS STRUCTURE AND GOVERNANCE-RICS ROYAL CHARTER AND BYE-LAWS
942 ## - ADDED ENTRY ELEMENTS (KOHA)
Suppress in OPAC 0
Source of classification or shelving scheme Dewey Decimal Classification
Holdings
Withdrawn status Lost status Source of classification or shelving scheme Damaged status Not for loan Home library Current library Shelving location Date acquired Total Checkouts Full call number Barcode Date last seen Copy number Price effective from Koha item type Date last checked out
    Dewey Decimal Classification     London London RICS Boxes 08/08/2007   RICS 2007/30 30074237 06/08/2019 1 06/08/2019 Archive  
    Dewey Decimal Classification     London London RICS Boxes 08/08/2007   RICS 2007/30 30074238 06/08/2019 2 06/08/2019 Reference material  
    Dewey Decimal Classification     London London RICS Boxes 08/08/2007   RICS 2007/30 30074239 08/11/2023 3 06/08/2019 Book  
    Dewey Decimal Classification     London London RICS Boxes 08/08/2007 1 RICS 2007/30 30071061 06/08/2019 4 06/08/2019 Book 12/06/2008